Quizzes
Events
Quiz Creation
Community
Videos
Private Events
Remove Ads
Sign In
Join for FREE
Feedback
Dark Mode
Quiz Categories
Sports
Geography
Music
Movies
Television
Just For Fun
Miscellaneous
History
Literature
Language
Science
Gaming
Entertainment
Religion
Holiday
For Kids
Quiz Lab
Recent
Popular Today
Quiz Kudos Today
Editor Picks
Curator Picks
Quizzes by...
Day
Popularity
Type
Ratings
Length
Year
Community
Subscriptions
Recent Discussions
Orange Saloon
Badges
Playlists
Quests
Create
Leaderboards
Showdown
Live 5
Trivia Bingo
Activity
Puzzle Library
Sporcle Events
Private Events
Virtual Trivia
Globe League
Become a Host
Pub Owners
SporcleCon
Opinionation
Our Games
Videos
Blog
Mobile Apps
Partnerships
Remove Ads and Go Orange
Feedback
Geography
Country
Landmarks
City
State
Population
World
Capital
Continent
Flags
Europe
Africa
Asia
South America
North America
Oceania
Border
Canada
United Kingdom
Topography
United States
Geography
Country
Landmarks
City
State
Population
World
Capital
Continent
Flags
Europe
Africa
Asia
South America
North America
Oceania
Border
Canada
United Kingdom
Topography
United States
Random Quiz
Search Sporcle
×
Quiz Lab
Quiz Lab
Geography
State
Type in answers that appear in a list
Type in answers that appear in a list
Classic
Best Score? Go Orange.
US States by 1st Letter Stats
Can you name the US states by 1st Letter?
By
Heresy
7m
50 Questions
178 Plays
178 Plays
178 Plays
Comments
Comments
Give Quiz Kudos
Give Quiz Kudos
-
- Ratings
hide this ad
More Info
Replay
Link that replays current quiz
Next Quiz
Link to next quiz in quiz playlist
You Got
0%
They Got
Avg Score
93%
Avg Friend Score
Upgrade to see
Score Distribution
Jump to the score distribution portion of the page
Score
0/50
Timer
07:00
0
Plays Today
State
% Correct
Alabama
100%
Alaska
97.8%
Arkansas
97.2%
Hawaii
97.2%
California
96.6%
Oregon
96.6%
Connecticut
96.1%
Indiana
96.1%
North Carolina
96.1%
South Carolina
96.1%
West Virginia
96.1%
Colorado
95.5%
Florida
95.5%
Kentucky
95.5%
North Dakota
95.5%
South Dakota
95.5%
Washington
95.5%
Arizona
94.9%
Idaho
94.9%
Kansas
94.9%
Louisiana
94.9%
Delaware
94.4%
Illinois
94.4%
Iowa
94.4%
New Jersey
94.4%
State
% Correct
New York
94.4%
Texas
94.4%
Virginia
94.4%
Maine
93.8%
Michigan
93.8%
Nevada
93.8%
New Hampshire
93.8%
New Mexico
93.8%
Ohio
93.8%
Georgia
93.3%
Wyoming
92.7%
Rhode Island
92.1%
Mississippi
91.6%
Wisconsin
91.6%
Minnesota
91%
Montana
91%
Oklahoma
91%
Tennessee
91%
Missouri
90.4%
Nebraska
90.4%
Vermont
90.4%
Pennsylvania
89.9%
Utah
89.9%
Maryland
89.3%
Massachusetts
88.8%
Quiz Playlist
Details
Report
Send in Message
Add To Playlist
More Info:
A simple training exercise to learn the states alphabetically.
Classic:
Type in answers that appear in a list
Last Updated: Feb 16, 2017
Quiz Scoreboard
CHALLENGE
Sign Up to Join the Scoreboard
Show All
Scores
Hide
Comments
May contain spoilers
Recently Published
Billboard Blitz: Fleetwood Mac
by CooCooCachoo
Music
15s
Presidents Visiting Landmarks
by Hejman
History
7m
An Introduction to Baseball
by treessimontrees
Sports
5m
More to Explore
Quiz From the Vault
Featured Blog Post
Where Did the Easter Bunny Come From?
hide this ad
You Might Also Like...
Tags
Letter Quiz
State Quiz
Today's Top Quizzes in Geography
Browse Geography
hide this ad
Today's Top Quizzes in State
Browse State
Top Contributed Quizzes in Geography
1
Countries of the World - No Outlines Minefield
2
Top 25 Cities of France on a map
3
Any capital of a 'B' country per Continent
4
Any capital of a 'C' country per Continent
5
Closest Countries to UK A-Z
6
Any capital of a 'D' country per Continent
7
5-to-1: US Geography No Hints
8
One Thing in Common: United Kingdom
9
Any capital of an 'E' country per Continent
10
Any capital of an 'F' country per Continent
Explore More
Trending Topics
Kpop
Marvel
Disney
NBA
Anime
Harry Potter
Crossword
Soccer
WWE
Pokémon
Puzzle
The Office
Country
NFL
Song
hide this ad
More By:
Heresy
Quiz
Plays
Rating
Category
Featured
Created
Countries grouped by letter
2,414
4.21
Geography
Dec 16, 2009
Elements with V W X Y Z
1,904
4.32
Science
Dec 7, 2009
Elements by Ending Letters
1,199
4.19
Science
Nov 9, 2009
Elements named from mythology
872
4.40
Science
Nov 9, 2009
Geography Items That Start With 'A'
754
4.36
Geography
Dec 3, 2009
Go to Creator's Profile
Score Distribution
Quiz Creator Spotlight
Heresy
Follow
Send a Message
Quizzes Created
-
Created Quiz Play Count
-
More By This Creator
Popular Quizzes Today
1
Find the US States - No Outlines Minefield
2
Find the Countries of Europe - No Outlines Minefield
3
The Countries of the World
4
Find the US States
5
US States
6
Risky Map Clicking: Biggest States A-Z
7
Popular People in 1961
8
Movies - When Are They Set?
More Geography Quizzes
Sort the Bordering Countries: Europe II
Published
Trending Quizzes
Risky Map Clicking: Least Populous States A-Z
1-10 Letter G Words
1-10 Letter F Words
Risky Map Clicking: Next State Alphabetically
Risky Map Clicking: Biggest States A-Z
Recently Updated
Leaping Animals
pecheneg
Reality TV Shows (A-Z)
bhenderson79
Rickey Henderson's Hall of Fame Teammates
pecheneg
Champions League XIs: Arsenal
pecheneg
Quick Pick: Celebrities in WWE's Hall of Fame
aduchscher
A-Z Keypad Blitz II
pecheneg
Multiple Oscar Actors
pecheneg
Mystery Phrase Blitz: Oscar 'Best Actors'
pecheneg
F. Scott Fitzgerald Novels
LTH
Pick 3 Villains
ddd62291
Trending Topics
Crossword
Disney
Kpop
Marvel
Harry Potter
NBA
Anime
Pokémon
The Office
Soccer
Puzzle
WWE
Song
Country
NFL
Your Account Isn't Verified!
In order to create a playlist on Sporcle, you need to verify the email address you used during registration. Go to your
Sporcle Settings
to finish the process.
Report this User
Report this user for behavior that violates our
Community Guidelines
.
Details:
Send Report
Go to the Sporcle.com Mobile Site →
Comments